| 000 | 00872nam a22003017a 4500 | ||
|---|---|---|---|
| 003 | CHAP | ||
| 005 | 20220329140306.0 | ||
| 008 | 971013s1976 r 00010 d | ||
| 010 | _a49870 | ||
| 011 | _a50842 | ||
| 035 | _a54992 | ||
| 040 | _cCHAP | ||
| 082 |
_a551.49 _bR62 |
||
| 100 | 0 | 0 |
_aRodda, John C. _998237 |
| 245 | _aSystematic hydrology | ||
| 260 |
_aLondon : _bButterworths, _c1976 |
||
| 300 |
_a399 p. _b: gráfs. |
||
| 590 |
_aBATCH-UPD _b10 _c20130110 _lUCH01 _h0431 |
||
| 590 |
_aBATCH-UPD _b10 _c20130410 _lUCH01 _h0106 |
||
| 590 |
_aBATCH-UPD _b10 _c20130914 _lUCH01 _h1220 |
||
| 590 |
_aCONVERSION _b10 _c20130109 _lUCH01 _h1327 |
||
| 650 | 1 | 4 |
_aHidrología. _955257 |
| 700 | 0 |
_aDowning, Richard A. _934126 |
|
| 700 | 0 |
_aLaw, Frank M. _965161 |
|
| 901 | _aBK | ||
| 942 | _cLIBRO | ||
| 949 |
_a551.49 R62 _bBC _cLIBRO _d33724000241873 _eLIBRO _h56360 _i54992 _si |
||
| 999 |
_c49870 _d49870 |
||